Statistiques concernant Harry Potter; Dans quelle maison est... ???

Cliquez ici pour prendre le quiz!

Statistiques générales

  • Ce quiz a été pris 896 fois
  • Le résultat moyen est 13 sur 15

Statistiques - réponses

QuestionRéponse% Correct
Lucius MalefoySerpentard
99%
Albus DumbledoreGryffondor
95%
Rémus LupinGryffondor
94%
Sirius BlackGryffondor
94%
Cedric DiggoryPoufsouffle
94%
Luna LovegoodSerdaigle
94%
Cho ChangSerdaigle
92%
Lavande BrownGryffondor
90%
Pomona ChouravePoufsouffle
89%
Regulus BlackSerpentard
87%
Blaise ZabiniSerpentard
84%
Dolores OmbrageSerpentard
84%
Nymphadora TonksPoufsouffle
75%
Sybille TrelawneySerdaigle
71%
Marcus FlintSerpentard
66%

Distribution des résultats

Percentile par nombre de réponses

% des personnes avec chaque résultat

Votre développement - résultats

Vous n’avez pas pris ce quiz